<?xml version="1.0" encoding="UTF-8"?>
<record
    xmlns:xsi="http://www.w3.org/2001/XMLSchema-instance"
    xsi:schemaLocation="http://www.loc.gov/MARC21/slim http://www.loc.gov/standards/marcxml/schema/MARC21slim.xsd"
    xmlns="http://www.loc.gov/MARC21/slim">

  <leader>02386nam a2200205 a 4500</leader>
  <controlfield tag="008">190917t2017    sp  |||g |||| 001 0 spa d</controlfield>
  <datafield tag="020" ind1=" " ind2=" ">
    <subfield code="a">9788433979933</subfield>
  </datafield>
  <datafield tag="041" ind1=" " ind2=" ">
    <subfield code="a">spa</subfield>
  </datafield>
  <datafield tag="092" ind1=" " ind2=" ">
    <subfield code="c">808</subfield>
    <subfield code="l">75</subfield>
    <subfield code="s">ROY</subfield>
  </datafield>
  <datafield tag="100" ind1="1" ind2=" ">
    <subfield code="a">Roy, Arundhati</subfield>
    <subfield code="9">3969</subfield>
  </datafield>
  <datafield tag="245" ind1=" " ind2="3">
    <subfield code="a">El ministerio de la felicidad suprema /</subfield>
    <subfield code="c">Arundhati Roy</subfield>
  </datafield>
  <datafield tag="250" ind1=" " ind2=" ">
    <subfield code="a">1a ed.</subfield>
    <subfield code="b">Traducci&#xF3;n Cecilia Ceriani</subfield>
  </datafield>
  <datafield tag="260" ind1=" " ind2=" ">
    <subfield code="a">Barcelona:</subfield>
    <subfield code="b">Anagrama;</subfield>
    <subfield code="c">2017.</subfield>
  </datafield>
  <datafield tag="300" ind1=" " ind2=" ">
    <subfield code="a">512 p.</subfield>
  </datafield>
  <datafield tag="500" ind1=" " ind2=" ">
    <subfield code="a">Roy, A. (2017). El ministerio de la felicidad suprema. (1a ed.). Barcelona : Anagrama.</subfield>
  </datafield>
  <datafield tag="505" ind1=" " ind2=" ">
    <subfield code="a">El ministerio de la felicidad suprema es la deslumbrante nueva novela de la mundialmente famosa autora de El dios de las peque&#xF1;as cosas. Nos embarca en un viaje &#xED;ntimo de muchos a&#xF1;os por el subcontinente indio, de los barrios masificados de la Vieja Delhi y las carreteras de la ciudad nueva a los montes y valles de Cachemira y m&#xE1;s all&#xE1;, donde la guerra es la paz y la paz es la guerra. Es una dolorosa historia de amor y una contundente protesta, una historia contada entre susurros, a gritos, con l&#xE1;grimas carentes de sentimentalismo y a veces con una risa amarga. Cada uno de sus personajes est&#xE1; imborrable, tiernamente retratado. Sus protagonistas son gente rota por el mundo en el que vive y luego rescatada, recompuesta por actos de amor, y por la esperanza. La historia empieza con Anyum -que ante se llamaba Aftab- desenrollando una ra&#xED;da alfombra persa en un cementerio al que llama hogar. Nos encontramos con la extra&#xF1;a e inolvidable Tilo y los hombres que la amaron, incluido Musa, novio y exnovio, amante y examante, cuyo destino est&#xE1; entrelazado con el de la chica para siempre. Conocemos al casero de Tilo, un antiguo pretendiente, en la actualidad oficial de inteligencia destinado en Kabul. Y conocemos a las dos Miss Yebin: la primera es una ni&#xF1;a que nace en Srinagar y es enterrada en el atestado cementerio de los M&#xE1;rtires; a la segunda la encuentran a medianoche, abandonada en la acera en el coraz&#xF3;n de Nueva Delhi. A medida que esta novela cautivadora y profundamente humana trenza estas vidas complejas, reinventa lo que una novela puede hacer y ser. EL ministerio de la felicidad suprema demuestra en cada p&#xE1;gina las extraordinarias dotes de Arundhati Roy como contadora de historias. </subfield>
  </datafield>
  <datafield tag="590" ind1=" " ind2=" ">
    <subfield code="a"> Proyecto 4to libro, Donaci&#xF3;n Mabel Perez, Junio 2018</subfield>
  </datafield>
  <datafield tag="655" ind1=" " ind2=" ">
    <subfield code="a">Literatura</subfield>
    <subfield code="9">2917</subfield>
  </datafield>
  <datafield tag="942" ind1=" " ind2=" ">
    <subfield code="2">ddc</subfield>
    <subfield code="c">LIT</subfield>
  </datafield>
  <datafield tag="999" ind1=" " ind2=" ">
    <subfield code="c">2812</subfield>
    <subfield code="d">2812</subfield>
  </datafield>
  <datafield tag="952" ind1=" " ind2=" ">
    <subfield code="0">0</subfield>
    <subfield code="1">0</subfield>
    <subfield code="2">ddc</subfield>
    <subfield code="4">0</subfield>
    <subfield code="7">0</subfield>
    <subfield code="a">BFM</subfield>
    <subfield code="b">BFM</subfield>
    <subfield code="c">CR</subfield>
    <subfield code="d">2018-06-27</subfield>
    <subfield code="e">Donaci&#xF3;n Mabel Perez, Junio 2018</subfield>
    <subfield code="l">0</subfield>
    <subfield code="o">808 75 ROY</subfield>
    <subfield code="p">4325</subfield>
    <subfield code="r">2018-06-27</subfield>
    <subfield code="t">Ej.1</subfield>
    <subfield code="w">2018-06-27</subfield>
    <subfield code="y">LIT</subfield>
    <subfield code="z">Proyecto 4to libro. Donaci&#xF3;n Mabel Perez, Junio 2018</subfield>
  </datafield>
</record>
